[Event "Volga Region-ch (Women) 12th"]
[Site "Togliatti"]
[Date "2014.03.22"]
[Round "9"]
[White "Matveeva, Olga"]
[Black "Batrak, Alexandra"]
[Result "1-0"]
[WhiteElo "2205"]
[BlackElo "1931"]
[PlyCount "69"]
[EventDate "2014.03.14"]
[EventType "swiss"]
[EventRounds "9"]
[EventCountry "RUS"]
[SourceTitle "CBM 159 Extra"]
[Source "ChessBase"]
[SourceDate "2014.04.24"]
[SourceVersion "1"]
[SourceVersionDate "2014.04.24"]
[SourceQuality "1"]

1. e4 d5 2. exd5 Qxd5 3. Nc3 Qd8 4. d4 Nf6 5. Nf3 c6 6. Bc4 b5 7. Bd3 g6 8. Ne4 Nbd7 9. a4 b4 10. 0-0 a5 11. Re1 Bg7 12. Nd6+ Kf8 13. Nxc8 Rxc8 14. Ba6 Rb8 15. Bf4 Rb6 16. Bc4 Nd5 17. Bg5 N7f6 18. Ne5 h6 19. Bh4 g5 20. Bg3 h5 21. h4 g4 22. Qe2 Ne8 23. Rad1 e6 24. Bd3 Rh6 25. Qd2 Rh8 26. c4 bxc3 27. bxc3 Ndf6 28. Rb1 Bh6 29. Bf4 Bxf4 30. Qxf4 Rxb1 31. Rxb1 Qc7 32. Rb8 Ke7 33. Ng6+ Kd7 34. Ne5+ Ke7 35. Ba6 1-0

[Event "Volga Region-ch (Women) 12th"]
[Site "Togliatti"]
[Date "2014.03.17"]
[Round "4"]
[White "Tukaeva, Adelya"]
[Black "Batrak, Alexandra"]
[Result "1-0"]
[WhiteElo "1740"]
[BlackElo "1931"]
[PlyCount "43"]
[EventDate "2014.03.14"]
[EventType "swiss"]
[EventRounds "9"]
[EventCountry "RUS"]
[SourceTitle "CBM 159 Extra"]
[Source "ChessBase"]
[SourceDate "2014.04.24"]
[SourceVersion "1"]
[SourceVersionDate "2014.04.24"]
[SourceQuality "1"]

1. e4 d5 2. exd5 Qxd5 3. Nc3 Qd8 4. d4 Nf6 5. Nf3 c6 6. Bf4 Bg4 7. Be2 g6 8. h3 Bxf3 9. Bxf3 Bg7 10. Qd2 0-0 11. 0-0-0 Nd5 12. Nxd5 cxd5 13. h4 Nc6 14. c3 b5 15. Bh6 e6 16. h5 Qe7 17. Rde1 b4 18. Bxg7 bxc3 19. Qh6 cxb2+ 20. Kb1 Qa3 21. Re3 Qa4 22. Bf6 1-0

[Event "Volga Region-ch (Women) 12th"]
[Site "Togliatti"]
[Date "2014.03.16"]
[Round "3"]
[White "Batrak, Alexandra"]
[Black "Markelova, Lubov"]
[Result "1/2-1/2"]
[WhiteElo "1931"]
[BlackElo "2108"]
[PlyCount "108"]
[EventDate "2014.03.14"]
[EventType "swiss"]
[EventRounds "9"]
[EventCountry "RUS"]
[SourceTitle "CBM 159 Extra"]
[Source "ChessBase"]
[SourceDate "2014.04.24"]
[SourceVersion "1"]
[SourceVersionDate "2014.04.24"]
[SourceQuality "1"]

1. e4 c5 2. c4 Nc6 3. Nc3 g6 4. g3 Bg7 5. Bg2 d6 6. Nge2 e6 7. 0-0 Nge7 8. d3 0-0 9. a3 Rb8 10. Rb1 Nd4 11. b4 Nxe2+ 12. Nxe2 cxb4 13. axb4 b5 14. Bg5 h6 15. Be3 a5 16. Qd2 bxc4 17. dxc4 axb4 18. Rxb4 Rxb4 19. Qxb4 Nc6 20. Qd2 Ne5 21. Bxh6 Nxc4 22. Qc1 Bxh6 23. Qxh6 Ba6 24. Rd1 Qb6 25. Nf4 Ne5 26. Nh3 Rc8 27. Bf1 Bxf1 28. Rxf1 Qb3 29. Ng5 Nf3+ 30. Kg2 Nxg5 31. Qxg5 Qd3 32. Re1 Kg7 33. Re3 Qd4 34. Qe7 Qe5 35. h4 d5 36. exd5 Qxd5+ 37. Rf3 e5 38. Qf6+ Kg8 39. Kh2 Rc6 40. Rd3 Rxf6 41. Rxd5 Rxf2+ 42. Kh3 e4 43. Re5 f5 44. h5 Kg7 45. g4 gxh5 46. gxf5 Rf4 47. Re6 Rg4 48. Kh2 h4 49. Kh3 Rf4 50. Kh2 Kf7 51. Kh3 Kg7 52. Kh2 Kf7 53. Kh3 Kg7 54. Kh2 Kf7 1/2-1/2

[Event "Moscow op (Women)"]
[Site "Moscow"]
[Date "2012.02.04"]
[Round "8"]
[White "Batrak, Alexandra"]
[Black "Kineva, Ekaterina"]
[Result "0-1"]
[WhiteElo "1906"]
[BlackElo "2096"]
[PlyCount "60"]
[EventDate "2012.01.28"]
[EventType "swiss"]
[EventRounds "9"]
[EventCountry "RUS"]
[SourceTitle "CBM 146 Extra"]
[Source "ChessBase"]
[SourceDate "2012.02.29"]
[SourceVersion "1"]
[SourceVersionDate "2012.02.29"]
[SourceQuality "1"]

1. Nf3 Nf6 2. g3 g6 3. b3 Bg7 4. Bb2 0-0 5. Bg2 d6 6. d4 Nbd7 7. c4 e5 8. dxe5 dxe5 9. 0-0 e4 10. Nd4 Re8 11. Nc3 a6 12. Qc2 c5 13. Ndb5 axb5 14. Nxb5 Ne5 15. a4 Bf5 16. Rad1 Qe7 17. Nd6 Red8 18. Bxe5 Qxe5 19. Nxb7 Rd4 20. e3 Rd3 21. Rxd3 exd3 22. Qa2 Ne4 23. Qa3 Bf8 24. a5 Bc8 25. Bxe4 Qxe4 26. Nxc5 Qc6 27. b4 Bh3 28. e4 Bxf1 29. Kxf1 Bxc5 30. bxc5 Qxe4 0-1

[Event "Moscow op (Women)"]
[Site "Moscow"]
[Date "2012.01.31"]
[Round "4"]
[White "Batrak, Alexandra"]
[Black "Poluektova, Anastasia"]
[Result "1/2-1/2"]
[WhiteElo "1906"]
[BlackElo "1596"]
[PlyCount "131"]
[EventDate "2012.01.28"]
[EventType "swiss"]
[EventRounds "9"]
[EventCountry "RUS"]
[SourceTitle "CBM 146 Extra"]
[Source "ChessBase"]
[SourceDate "2012.02.29"]
[SourceVersion "1"]
[SourceVersionDate "2012.02.29"]
[SourceQuality "1"]

1. Nf3 Nf6 2. g3 d5 3. Bg2 Bf5 4. 0-0 e6 5. d4 c6 6. c4 h6 7. Nc3 Nbd7 8. cxd5 exd5 9. Bf4 Be7 10. a3 a5 11. Ne5 0-0 12. Rc1 Re8 13. Na4 Bf8 14. Re1 Nxe5 15. Bxe5 Nd7 16. Bf4 b5 17. Nc3 b4 18. Na4 Rc8 19. Qb3 Qf6 20. Be3 Rb8 21. Nc5 Nxc5 22. dxc5 bxa3 23. Qxa3 Rxb2 24. Qxa5 d4 25. Bd2 Rb5 26. Qa3 d3 27. exd3 Rxe1+ 28. Bxe1 Qd4 29. Bxc6 Rxc5 30. Rxc5 Bxc5 31. Qa8+ Kh7 32. Qe8 Qxd3 33. Kg2 Bg6 34. h4 Qf5 35. Bf3 h5 36. Qa8 Qe6 37. Qa5 Qb6 38. Qd2 Qe6 39. Qc3 Bd6 40. Bd2 Qe5 41. Qb3 Qf5 42. Be3 Qd3 43. Qxd3 Bxd3 44. Bxh5 g6 45. Bf3 Bc4 46. g4 f5 47. g5 Bf7 48. Bc6 Kg8 49. Bd7 Kf8 50. h5 f4 51. Bd4 gxh5 52. Bf5 Kg8 53. Kh3 Be7 54. g6 Bd5 55. Kh2 Bc4 56. Be4 Be6 57. Bf3 h4 58. Be4 h3 59. f3 Bh4 60. Be5 Bg3+ 61. Kh1 h2 62. Bc6 Bc4 63. Be4 Be6 64. Bb7 Bc4 65. Bc6 Be6 66. Be4 1/2-1/2

[Event "PriFR-ch (Women) 10th"]
[Site "Perm"]
[Date "2011.01.08"]
[Round "8"]
[White "Batrak, Alexandra"]
[Black "Fedorova, Tatiana"]
[Result "1-0"]
[WhiteElo "1913"]
[BlackElo "1922"]
[PlyCount "51"]
[EventDate "2011.01.04"]
[EventType "swiss"]
[EventRounds "9"]
[EventCountry "RUS"]
[SourceTitle "EXT 2022"]
[Source "ChessBase"]
[SourceDate "2021.10.06"]
[SourceVersion "1"]
[SourceVersionDate "2021.10.06"]
[SourceQuality "1"]

1. Nf3 c5 2. g3 Nf6 3. Bg2 d5 4. 0-0 Bg4 5. Ne5 e6 6. Nxg4 Nxg4 7. e4 Nf6 8. exd5 exd5 9. Re1+ Be7 10. d4 c4 11. Bg5 0-0 12. Nc3 Nc6 13. Ne2 h6 14. Bxf6 Bxf6 15. c3 g5 16. f4 b5 17. fxg5 hxg5 18. Rf1 Rb8 19. Qc2 b4 20. Qf5 Bg7 21. Qxd5 Rc8 22. Qxd8 Rfxd8 23. Rf5 bxc3 24. bxc3 Kh7 25. Bxc6 Rxc6 26. Rxf7 1-0

[Event "PriFR-ch (Women) 10th"]
[Site "Perm"]
[Date "2011.01.07"]
[Round "5"]
[White "Aseeva, Anastasia"]
[Black "Batrak, Alexandra"]
[Result "1-0"]
[WhiteElo "1807"]
[BlackElo "1913"]
[PlyCount "51"]
[EventDate "2011.01.04"]
[EventType "swiss"]
[EventRounds "9"]
[EventCountry "RUS"]
[SourceTitle "EXT 2022"]
[Source "ChessBase"]
[SourceDate "2021.10.06"]
[SourceVersion "1"]
[SourceVersionDate "2021.10.06"]
[SourceQuality "1"]

1. d4 Nf6 2. Nf3 g6 3. Bg5 Ne4 4. Bh4 Bg7 5. e3 d5 6. Nbd2 c5 7. c3 Bg4 8. Be2 cxd4 9. exd4 Nxd2 10. Nxd2 Bf5 11. Qb3 Qb6 12. Qxd5 0-0 13. Qb3 Qxb3 14. Nxb3 Nc6 15. 0-0 a5 16. d5 Ne5 17. Bxe7 Rfe8 18. d6 Bd3 19. Bxd3 Nxd3 20. Rab1 Ne5 21. Nd4 Nc4 22. Nb5 Bf8 23. Nc7 Nd2 24. Nxe8 Nxb1 25. Nc7 Rb8 26. Rxb1 1-0

[Event "EU-ch U12 Girls"]
[Site "Batumi"]
[Date "2010.09.26"]
[Round "7"]
[White "Goryachkina, Aleksandra"]
[Black "Batrak, Alexandra"]
[Result "1-0"]
[WhiteElo "2057"]
[BlackElo "1892"]
[PlyCount "99"]
[EventDate "2010.09.20"]
[EventType "swiss"]
[EventRounds "9"]
[EventCountry "GEO"]
[SourceTitle "CBM 138 Extra"]
[Source "ChessBase"]
[SourceDate "2010.10.29"]
[SourceVersion "1"]
[SourceVersionDate "2010.10.29"]
[SourceQuality "1"]

1. d4 Nf6 2. c4 g6 3. Nc3 d5 4. cxd5 Nxd5 5. Bd2 Bg7 6. e4 Nb6 7. Be3 0-0 8. Nf3 Bg4 9. Be2 Nc6 10. d5 Bxf3 11. gxf3 Na5 12. Bd4 Qd6 13. Nb5 Qb4+ 14. Bc3 Bxc3+ 15. bxc3 Qc5 16. Qd4 Qxd4 17. cxd4 a6 18. Na3 c6 19. dxc6 Nxc6 20. Rb1 Na4 21. d5 Na5 22. Kd2 Rac8 23. Rhc1 b5 24. f4 Nb6 25. Ke3 f5 26. f3 e6 27. dxe6 Rce8 28. Nxb5 axb5 29. Rxb5 Nac4+ 30. Bxc4 Nxc4+ 31. Rxc4 Rxe6 32. Rb7 fxe4 33. fxe4 Rfe8 34. a4 Ra6 35. Rbc7 Ra5 36. Rc8 Rxc8 37. Rxc8+ Kg7 38. Rc4 Rh5 39. Rc2 Rh3+ 40. Kd4 Ra3 41. Rc4 Ra2 42. h4 Kh6 43. e5 Kh5 44. e6 Kg4 45. Ke5 Re2+ 46. Re4 Rb2 47. e7 Rb8 48. f5+ Kh5 49. f6 Kh6 50. f7 1-0

[Event "EU-ch U12 Girls"]
[Site "Batumi"]
[Date "2010.09.24"]
[Round "6"]
[White "Osmak, Iulija"]
[Black "Batrak, Alexandra"]
[Result "1-0"]
[WhiteElo "1979"]
[BlackElo "1892"]
[PlyCount "67"]
[EventDate "2010.09.20"]
[EventType "swiss"]
[EventRounds "9"]
[EventCountry "GEO"]
[SourceTitle "CBM 138 Extra"]
[Source "ChessBase"]
[SourceDate "2010.10.29"]
[SourceVersion "1"]
[SourceVersionDate "2010.10.29"]
[SourceQuality "1"]

1. b4 d5 2. Bb2 Bf5 3. e3 Nf6 4. Nf3 e6 5. b5 c5 6. c4 Nbd7 7. d3 Nb6 8. Nbd2 dxc4 9. dxc4 Be7 10. Be2 0-0 11. 0-0 a6 12. a4 axb5 13. cxb5 Nbd5 14. Nc4 Nb4 15. a5 Nd3 16. Be5 Nxe5 17. Nfxe5 Nd5 18. Bf3 f6 19. e4 Nc3 20. Qxd8 Raxd8 21. exf5 fxe5 22. Bxb7 Nxb5 23. fxe6 Rf6 24. a6 Na7 25. Rad1 Rd4 26. Nxe5 Rxe6 27. Bd5 Rxd5 28. Rxd5 Rxa6 29. g3 Nc6 30. Re1 Bf6 31. Nd7 Nd4 32. Kg2 c4 33. Nxf6+ Rxf6 34. Rxd4 1-0

[Event "Privolzhskogo FO-ch (Women)"]
[Site "Izhevsk"]
[Date "2010.01.09"]
[Round "9"]
[White "Batrak, Alexandra"]
[Black "Chukhlantseva, Anna"]
[Result "1/2-1/2"]
[WhiteElo "1912"]
[BlackElo "1902"]
[PlyCount "76"]
[EventDate "2010.01.04"]
[EventType "swiss"]
[EventRounds "9"]
[EventCountry "RUS"]
[SourceTitle "CBM 134 Extra"]
[Source "ChessBase"]
[SourceDate "2010.03.03"]
[SourceVersion "1"]
[SourceVersionDate "2010.03.03"]
[SourceQuality "1"]

1. d4 d5 2. c4 dxc4 3. e3 e6 4. Bxc4 Nf6 5. Nc3 c5 6. Nf3 a6 7. a4 Nc6 8. d5 exd5 9. Nxd5 Bd6 10. h3 0-0 11. 0-0 Bf5 12. Bd2 Rb8 13. Nxf6+ Qxf6 14. Bc3 Qe7 15. Qb3 b5 16. axb5 axb5 17. Bxb5 Bd3 18. Bxg7 Bxb5 19. Bxf8 Qxf8 20. Rfd1 Ne5 21. Qd5 Nxf3+ 22. Qxf3 Qe7 23. Qd5 Bc7 24. Ra8 Rxa8 25. Qxa8+ Kg7 26. Qd5 Ba6 27. Qc6 Bc8 28. Rc1 Be6 29. Qxc5 Bd6 30. Qd4+ Kg8 31. Rc6 Bb8 32. b4 Qb7 33. Qb6 Qa8 34. Qd8+ Kg7 35. Qd4+ Kg8 36. Qd8+ Kg7 37. Qg5+ Kf8 38. Qd8+ Kg7 1/2-1/2

[Event "Privolzhskogo FO-ch (Women)"]
[Site "Izhevsk"]
[Date "2010.01.06"]
[Round "4"]
[White "Batrak, Alexandra"]
[Black "Yarullina, Alina"]
[Result "0-1"]
[WhiteElo "1912"]
[BlackElo "2058"]
[PlyCount "108"]
[EventDate "2010.01.04"]
[EventType "swiss"]
[EventRounds "9"]
[EventCountry "RUS"]
[SourceTitle "CBM 134 Extra"]
[Source "ChessBase"]
[SourceDate "2010.03.03"]
[SourceVersion "1"]
[SourceVersionDate "2010.03.03"]
[SourceQuality "1"]

1. Nf3 Nf6 2. g3 g6 3. Bg2 Bg7 4. d4 d6 5. 0-0 0-0 6. c4 c6 7. b3 Qa5 8. Bb2 Qh5 9. e3 Bg4 10. Nbd2 Nbd7 11. Qc2 e5 12. Nh4 Rfe8 13. dxe5 dxe5 14. e4 Rad8 15. Bc1 Nc5 16. h3 Be2 17. Re1 Nd3 18. Ndf3 Bxf3 19. Nxf3 Nxe1 20. Nxe1 Qd1 21. Qxd1 Rxd1 22. Kf1 Bh6 23. Bb2 Rxa1 24. Bxa1 Nd7 25. Nd3 a5 26. Bc3 b6 27. h4 f6 28. Bh3 Rd8 29. Ke2 Bf8 30. a4 Nc5 31. Nxc5 Bxc5 32. f4 Bb4 33. Bxb4 axb4 34. fxe5 fxe5 35. Bg4 Rd4 36. Bf3 h5 37. Ke3 Kg7 38. Ke2 Kh6 39. Ke3 g5 40. Be2 c5 41. Bf3 gxh4 42. gxh4 Rd8 43. Ke2 Rf8 44. Kf2 Rf6 45. Kg3 Rd6 46. Be2 Rd2 47. Kf3 Rb2 48. Bd1 Rh2 49. Kg3 Rd2 50. Bf3 Rd3 51. Kg2 Rxb3 52. Bd1 Rc3 53. Be2 b3 54. Kf2 b2 0-1

[Event "Privolzhskogo FO-ch (Women)"]
[Site "Izhevsk"]
[Date "2010.01.04"]
[Round "2"]
[White "Batrak, Alexandra"]
[Black "Aseeva, Anastasia"]
[Result "1-0"]
[WhiteElo "1912"]
[BlackElo "1760"]
[PlyCount "97"]
[EventDate "2010.01.04"]
[EventType "swiss"]
[EventRounds "9"]
[EventCountry "RUS"]
[SourceTitle "CBM 134 Extra"]
[Source "ChessBase"]
[SourceDate "2010.03.03"]
[SourceVersion "1"]
[SourceVersionDate "2010.03.03"]
[SourceQuality "1"]

1. Nf3 d5 2. g3 Nf6 3. Bg2 Bf5 4. d4 e6 5. 0-0 c5 6. Nh4 Bg6 7. Nxg6 hxg6 8. Bg5 Qb6 9. dxc5 Qxb2 10. Nd2 Bxc5 11. Bxf6 Qxf6 12. e4 d4 13. e5 Qe7 14. Nb3 Nc6 15. Rb1 Bb6 16. a4 Rd8 17. Nd2 Nxe5 18. a5 Bxa5 19. Rxb7 Nd7 20. Nb3 Bb6 21. Nxd4 Bxd4 22. Qxd4 Qc5 23. Rd1 Qc8 24. Qa4 0-0 25. Rbxd7 Rxd7 26. Rxd7 a6 27. Bb7 Qc3 28. Bxa6 Ra8 29. Qe4 Qa1+ 30. Bf1 Rc8 31. Qf4 Rf8 32. c4 Qa4 33. Qd4 Qc6 34. Qd6 Qe4 35. Rd8 Rxd8 36. Qxd8+ Kh7 37. c5 f6 38. Qd6 Qc2 39. c6 e5 40. c7 e4 41. Qd8 e3 42. fxe3 Qe4 43. Qd4 Qc6 44. Qc4 Qe8 45. Qh4+ Kg8 46. Bc4+ Kf8 47. Qh8+ Ke7 48. Qxe8+ Kxe8 49. c8Q+ 1-0

[Event "RUS-ch U12 Girls"]
[Site "Dagomys"]
[Date "2009.04.??"]
[Round "7"]
[White "Batrak, Alexandra"]
[Black "Zavgorodniaya, Alena"]
[Result "0-1"]
[WhiteElo "1907"]
[BlackElo "1685"]
[PlyCount "98"]
[EventDate "2009.04.15"]
[EventType "swiss"]
[EventRounds "9"]
[EventCountry "RUS"]
[SourceTitle "EXT 2012"]
[Source "ChessBase"]
[SourceDate "2011.11.24"]
[SourceVersion "1"]
[SourceVersionDate "2011.11.24"]
[SourceQuality "1"]

1. Nf3 d5 2. g3 Nf6 3. Bg2 e6 4. 0-0 Be7 5. d4 0-0 6. c4 h6 7. Nc3 dxc4 8. Ne5 Nc6 9. Nxc6 bxc6 10. Bxc6 Rb8 11. Bg2 Bb7 12. e4 Bb4 13. Re1 c5 14. dxc5 Qxd1 15. Rxd1 Bxc3 16. bxc3 Bxe4 17. Bf4 Rb2 18. Bd6 Rc8 19. Bxe4 Nxe4 20. Rd4 Nxf2 21. Rxc4 Nd3 22. Rd1 Nxc5 23. Rxc5 Rd8 24. Ra5 Rb6 25. Rxa7 Rbxd6 26. Rxd6 Rxd6 27. a4 Rc6 28. a5 Rxc3 29. a6 Ra3 30. Kf2 Ra2+ 31. Ke3 Ra1 32. Kd4 Kh7 33. Rxf7 Rxa6 34. Ke5 Kg6 35. Rf4 h5 36. h4 Ra3 37. g4 hxg4 38. Rxg4+ Kf7 39. Rf4+ Ke7 40. Rg4 Ra5+ 41. Ke4 Ra4+ 42. Kf3 Rxg4 43. Kxg4 Kf6 44. Kf4 g6 45. Ke4 e5 46. Ke3 Kf5 47. Kf3 e4+ 48. Kg3 Ke5 49. Kg2 Kf4 0-1

[Event "RUS-ch (Women) 1st League 59th"]
[Site "Smolensk"]
[Date "2009.03.04"]
[Round "7"]
[White "Gusarchuk, Anastasia"]
[Black "Batrak, Alexandra"]
[Result "1/2-1/2"]
[WhiteElo "2112"]
[BlackElo "1972"]
[PlyCount "46"]
[EventDate "2009.02.26"]
[EventType "team-tourn"]
[EventRounds "9"]
[EventCountry "RUS"]
[SourceTitle "CBM 129 Extra"]
[Source "ChessBase"]
[SourceDate "2009.05.05"]
[SourceVersion "2"]
[SourceVersionDate "2009.05.20"]
[SourceQuality "1"]

1. d4 Nf6 2. c4 g6 3. f3 d5 4. cxd5 Nxd5 5. e4 Nb6 6. Nc3 Bg7 7. Be3 0-0 8. Qd2 Nc6 9. 0-0-0 Na5 10. Bh6 Nac4 11. Qf4 Qd6 12. Bxc4 Nxc4 13. Nd5 Bxh6 14. Qxh6 c6 15. Ne3 Qb4 16. Nxc4 Qxc4+ 17. Kb1 Be6 18. b3 Qb5 19. h4 Bxb3 20. axb3 Qxb3+ 21. Kc1 Qc3+ 22. Kb1 Qb3+ 23. Kc1 Qc3+ 1/2-1/2

[Event "Privolzhskogo FO-ch (Women)"]
[Site "Izhevsk"]
[Date "2009.01.05"]
[Round "3"]
[White "Kostitsina, Liubov"]
[Black "Batrak, Alexandra"]
[Result "1-0"]
[WhiteElo "1848"]
[BlackElo "1972"]
[PlyCount "85"]
[EventDate "2009.01.04"]
[EventType "swiss"]
[EventRounds "9"]
[EventCountry "RUS"]
[SourceTitle "EXT 2010"]
[Source "ChessBase"]
[SourceDate "2010.11.25"]
[SourceVersion "1"]
[SourceVersionDate "2010.11.25"]
[SourceQuality "1"]

1. e4 Nf6 2. e5 Nd5 3. d4 d6 4. c4 Nb6 5. exd6 exd6 6. Nf3 Bg4 7. Nc3 Be7 8. Be3 N8d7 9. Bd3 Nf6 10. Qb3 c6 11. 0-0-0 Qc7 12. Rhe1 0-0-0 13. Bf4 Nh5 14. Bg3 Nxg3 15. hxg3 Bf6 16. Re2 Kb8 17. c5 dxc5 18. dxc5 Nd5 19. Ne4 Be6 20. Bc4 Be7 21. Nd4 Bg4 22. f3 Bc8 23. g4 g6 24. Qa4 f5 25. Bxd5 cxd5 26. Nb5 Qf4+ 27. Kb1 a6 28. Qa5 axb5 29. Nc3 Bxc5 30. Nxb5 Rd7 31. Qc3 Qb4 32. Qxh8 Qxb5 33. Re8 Rc7 34. gxf5 gxf5 35. Rd8 Qc4 36. a3 Bxa3 37. R8xd5 Bb4 38. Qe5 Qb3 39. Rc1 Bc5 40. Rdxc5 Qd3+ 41. R5c2 Qd7 42. Qxc7+ Qxc7 43. Rxc7 1-0